Statistics for Hey You - Pink Floyd (All Lyrics)

Click here to take the quiz!

General Stats

  • This quiz has been taken 55 times
  • The average score is 138 of 177

Answer Stats

HintAnswer% Correct
can
100%
Can
100%
he
100%
Verse 1 | Verse 2 | Verse 3Hey,
100%
me
100%
me?
100%
The
100%
the
100%
there
100%
you
100%
you,
100%
in
97%
to
94%
a
91%
on
91%
out
91%
feel
89%
help
86%
your
86%
cold,
83%
wall,
83%
wall
83%
by
80%
with
80%
and
77%
And
77%
naked
77%
touch
77%
old
74%
phone
74%
carry
71%
don't
71%
Don't
71%
lonely,
71%
own,
71%
sitting
71%
getting
69%
No
69%
no
69%
see
69%
stand,
69%
we
69%
Outro x8We
69%
Would
69%
against
66%
fall
66%
fight
66%
for
66%
give
66%
home
66%
I'm
66%
it
66%
them
66%
too
66%
without
66%
brain
63%
break
63%
call
63%
coming
63%
could
63%
heart,
63%
stone?
63%
was
63%
all
60%
at
60%
divided
60%
high,
60%
his
60%
not
60%
Open
60%
Together
60%
waiting
60%
what
60%
you're
60%
as
57%
ear
57%
free
57%
hall
57%
how
57%
into
57%
someone
57%
worms
57%
always
54%
BridgeBut
54%
doing
54%
light
54%
only
54%
bury
51%
fantasy
51%
matter
51%
told
51%
tried,
51%
smiles
49%
standing
49%
tell
49%
beyond
46%
breaking
46%
feet
46%
ate
43%
there's
43%
hope
40%
road,
40%
bottles
31%
fading
31%
itchy
31%
aisles
29%

Score Distribution

Percentile by Number Answered

Percent of People with Each Score

Your Score History

You have not taken this quiz